Complejo de páramos de Sonsón territorios de agua y vida : (Registro nro. 18874)

Detalles MARC
000 -CABECERA
Campo de control 01431nam a22003017a 4500
005 - FECHA Y HORA DE LA ULTIMA TRANSACCION
Campo de control 20160922020002.0
008 - ELEMENTOS DE LONGITUD FIJA—INFORMACION GENERAL
Campo de control 160718b2016 ck ao|||r|||| 00| 0 spa d
020 ## - ISBN
ISBN 9789588947525
040 ## - FUENTE DE CATALOGACIÓN
Agencia catalogadora original CO-BoIAVH
Agencia transcriptora CO-BoIAVH
041 0# - IDIOMA
Código de idioma para texto/pista de sonido o título separado Español
044 ## - PAÍS DE PUBLICACIÓN
País de publicación Colombia
082 04 - NUMERO DE CLASIFICACION DECIMAL DEWEY
Número de clasificación 333.91
Número del ítem G21c
100 1# - ASIENTO PRINCIPAL--NOMBRE PERSONAL
Nombre personal García Sánchez, Andrés
Término relacionado autor
9 (RLIN) 72906
245 10 - MENCION DE TITULO
Título Complejo de páramos de Sonsón territorios de agua y vida :
Parte restante del título Aportes para la cogobernanza ambiental /
Mención de responsabilidad Andrés García Sánchez [y otros 6]
260 ## - PUBLICACION, DISTRIBUCION, ETC. (PIE DE IMPRENTA)
Lugar de publicación, distribución, etc. Medellín, Colombia :
Nombre del editor, distribuidor, etc. Fondo Adaptación :
-- Instituto de Investigación de Recursos Biológicos Alexander von Humboldt :
-- Tropenbos Internacional :
-- Universidad de Antioquia :
-- Instituto de Estudios Regionales,
Fecha de publicación, distribución, etc. 2016.
300 ## - DESCRIPCION FISICA
Extensión 36 páginas :
Otros detalles físicos ilustraciones y fotografías a color ;
Dimensiones 22 x 28 cm.
Material acompañante + 1 CD-ROM
504 ## - NOTA DE BIBLIOGRAFIA, ETC.
Nota de bibliografía Incluye referencias bibliográficas: página 36.
650 26 - ASIENTO SECUNDARIO DE MATERIA - TERMINO TEMATICO
Término temático o nombre geográfico como elemento de entrada Páramos
Subdivisión geográfica Sonsón (Antioquia, Colombia)
9 (RLIN) 72907
650 26 - ASIENTO SECUNDARIO DE MATERIA - TERMINO TEMATICO
Término temático o nombre geográfico como elemento de entrada Páramos
Subdivisión general delimitación
Subdivisión geográfica Sonsón (Antioquia, Colombia)
9 (RLIN) 72908
650 26 - ASIENTO SECUNDARIO DE MATERIA - TERMINO TEMATICO
Término temático o nombre geográfico como elemento de entrada Páramos
Subdivisión general Gestión
Subdivisión geográfica Sonsón (Antioquia, Colombia)
9 (RLIN) 72909
700 1# - ASIENTO SECUNDARIO - NOMBRE PERSONAL
Nombre personal Preciado, Bibiana
Término de relación autora
9 (RLIN) 71967
700 1# - ASIENTO SECUNDARIO - NOMBRE PERSONAL
Nombre personal Piedrahita, Irene
Término de relación autora
9 (RLIN) 71968
700 1# - ASIENTO SECUNDARIO - NOMBRE PERSONAL
Nombre personal Rincón, Paola
Término de relación autora
9 (RLIN) 71969
700 1# - ASIENTO SECUNDARIO - NOMBRE PERSONAL
Nombre personal Cifuentes, Victoria
Término de relación autora
9 (RLIN) 71970
700 1# - ASIENTO SECUNDARIO - NOMBRE PERSONAL
Nombre personal Diazgranados, Isabel
Término de relación autora
9 (RLIN) 71971
700 1# - ASIENTO SECUNDARIO - NOMBRE PERSONAL
Nombre personal Peña, Carolina
Término de relación autora
9 (RLIN) 72910
942 ## - ELEMENTOS ADICIONALES (KOHA)
Sistema de clasificación Dewey Decimal Classification
Tipo de ítem Libro
Koha issues (borrowed), all copies 2
Existencias
Withdrawn status Lost status Sistema de Clasificación Damaged status No para préstamo Colección Inventariado Ubicación Permanente Ubicación actual Fecha de adquisición Fuente de Valor Valor Total Checkouts Número topográfico Inventario / Código de Barras Date last seen Date checked out Ejemplar Price effective from Forma de adquisición Tipo de material
    Dewey Decimal Classification     Humboldt Inventariado 2017 Bogotá Bogotá 18/07/2016 Instituto 39000.00 2 IAVH-333.91 G21c 040543 21/09/2016 21/09/2016 Ej. 1 18/07/2016 Institucional Libro
    Local     Humboldt   Bogotá Bogotá 28/07/2016       MM-0084 040544 28/07/2016     28/07/2016 Institucional CD-ROM
    Local     Audiovisual   Bogotá Bogotá 28/07/2016       MM-00409 040567 28/07/2016     28/07/2016 Institucional CD-ROM